[Event "Mecklenburg VP-ch U25"]
[Site "Malchow"]
[Date "2019.02.04"]
[Round "4.2"]
[White "Kimura, Jonas Minoru"]
[Black "Wolfgramm, Theo"]
[Result "0-1"]
[WhiteElo "1411"]
[BlackElo "1648"]
[PlyCount "32"]
[EventDate "2019.02.02"]
[EventType "swiss"]
[EventRounds "7"]
[EventCountry "GER"]
[SourceTitle "EXT 2022"]
[Source "ChessBase"]
[SourceDate "2021.10.06"]
[SourceVersion "1"]
[SourceVersionDate "2021.10.06"]
[SourceQuality "1"]

1. d4 d5 2. Nf3 Nf6 3. b3 Bf5 4. Bb2 e6 5. e3 Be7 6. Nbd2 Nbd7 7. Be2 0-0 8. Ne5 Nxe5 9. dxe5 Nd7 10. f4 Bc5 11. Bd4 Bxd4 12. exd4 f6 13. Bg4 fxe5 14. dxe5 Qh4+ 15. g3 Qxg4 16. Nf3 Be4 0-1

[Event "Mecklenburg VP LL2 Ost 1718"]
[Site "Mecklenburg VP"]
[Date "2018.03.18"]
[Round "7.8"]
[White "Kimura, Jonas Minoru"]
[Black "Sohrweide, Milena"]
[Result "1-0"]
[WhiteElo "1362"]
[BlackElo "1170"]
[PlyCount "65"]
[EventDate "2017.10.08"]
[EventType "team-tourn"]
[EventRounds "9"]
[EventCountry "GER"]
[SourceTitle "EXT 2022"]
[Source "ChessBase"]
[SourceDate "2021.10.06"]
[SourceVersion "1"]
[SourceVersionDate "2021.10.06"]
[SourceQuality "1"]
[WhiteTeam "Rostock SSC 07 II"]
[BlackTeam "Neubrandenburg SG Eintracht II"]
[WhiteTeamCountry "GER"]
[BlackTeamCountry "GER"]

1. d4 d5 2. Nf3 Nc6 3. b3 Nf6 4. Bb2 Bf5 5. Nbd2 e6 6. e3 Bb4 7. a3 Bd6 8. Be2 0-0 9. Nh4 Ne4 10. Nxf5 exf5 11. 0-0 Nxd2 12. Qxd2 Re8 13. c4 dxc4 14. Bxc4 Qe7 15. Qc3 Qf6 16. Bb5 a6 17. Bxc6 bxc6 18. Qxc6 h6 19. Rac1 Rec8 20. f3 f4 21. e4 Qe6 22. d5 Qe7 23. b4 f6 24. Bd4 Qd8 25. Rfe1 Qe7 26. Bc5 Bxc5+ 27. Rxc5 Kh7 28. Rec1 Ra7 29. d6 Qe6 30. d7 Qxc6 31. dxc8Q Qb6 32. Kh1 a5 33. Rxc7 1-0

[Event "Mecklenburg VP-ch U18"]
[Site "Malchow"]
[Date "2018.02.07"]
[Round "2.6"]
[White "Beck, Jules"]
[Black "Kimura, Jonas Minoru"]
[Result "1-0"]
[WhiteElo "1543"]
[BlackElo "1322"]
[PlyCount "55"]
[EventDate "2018.02.07"]
[EventType "tourn"]
[EventRounds "7"]
[EventCountry "GER"]
[SourceTitle "EXT 2022"]
[Source "ChessBase"]
[SourceDate "2021.10.06"]
[SourceVersion "1"]
[SourceVersionDate "2021.10.06"]
[SourceQuality "1"]

1. e4 e6 2. d4 d5 3. exd5 exd5 4. Bd3 Bd6 5. Ne2 Nf6 6. 0-0 Nc6 7. c3 Ne7 8. Qc2 c6 9. Bf4 0-0 10. Nd2 Qc7 11. Bg3 g6 12. Rae1 Bf5 13. Nf3 Bxd3 14. Qxd3 Ne4 15. c4 f5 16. Ne5 Nxg3 17. Qxg3 dxc4 18. Nc3 Nd5 19. f4 b5 20. Nxg6 hxg6 21. Qxg6+ Qg7 22. Qxd6 Qxd4+ 23. Kh1 Rf6 24. Qd7 Rf7 25. Qxc6 Rd8 26. Rd1 Ne3 27. Rxd4 Rxd4 28. Qe8+ 1-0

[Event "Mecklenburg VP-ch U18"]
[Site "Malchow"]
[Date "2018.02.07"]
[Round "1.4"]
[White "Kimura, Jonas Minoru"]
[Black "Schamber, Dennis"]
[Result "1/2-1/2"]
[WhiteElo "1322"]
[BlackElo "1714"]
[PlyCount "50"]
[EventDate "2018.02.07"]
[EventType "tourn"]
[EventRounds "7"]
[EventCountry "GER"]
[SourceTitle "EXT 2022"]
[Source "ChessBase"]
[SourceDate "2021.10.06"]
[SourceVersion "1"]
[SourceVersionDate "2021.10.06"]
[SourceQuality "1"]

1. d4 Nf6 2. Nf3 g6 3. e3 Bg7 4. b3 0-0 5. Bb2 d6 6. Nbd2 Nbd7 7. Be2 a6 8. 0-0 b5 9. Rc1 c5 10. c3 Bb7 11. c4 bxc4 12. dxc5 Nxc5 13. Rxc4 a5 14. Rh4 Nd5 15. Bxg7 Kxg7 16. Ng5 h6 17. Nge4 Nxe4 18. Nxe4 g5 19. Bd3 f5 20. Nxg5 hxg5 21. Qh5 gxh4 22. Qg5+ Kf7 23. Qxf5+ Nf6 24. Qg6+ Ke6 25. Qf5+ Kf7 1/2-1/2